Oxford advanced learner's dictionary of current English / (Record no. 9950)

MARC details
000 -LEADER
campo de control de longitud fija 00782nam a2200241 i 4500
001 - NÚMERO DE CONTROL
campo de control 9950
003 - IDENTIFICADOR DE NÚMERO DE CONTROL
campo de control ES-MaACL
005 - FECHA Y HORA DE LA ÚLTIMA TRANSACCIÓN
campo de control 20240225140134.0
007 - CAMPO FIJO DE DESCRIPCIÓN FÍSICA--INFORMACIÓN GENERAL
campo de control de longitud fija t|
008 - DATOS DE LONGITUD FIJA--INFORMACIÓN GENERAL
campo de control de longitud fija 910609s1993 xxk ||||1| eng d
020 ## - NÚMERO INTERNACIONAL ESTÁNDAR DEL LIBRO
Número Internacional Estándar del Libro 0-19-431136-8
080 ## - NÚMERO DE LA CLASIFICACIÓN DECIMAL UNIVERSAL
Número de la Clasificación Decimal Universal 811.111'374
100 1# - ENTRADA PRINCIPAL--NOMBRE DE PERSONA
Nombre de persona Hornby, A. S.
9 (RLIN) 64215
245 10 - MENCIÓN DEL TÍTULO
Título Oxford advanced learner's dictionary of current English /
Mención de responsabilidad, etc. A.S. Hornby ; chief editor, A.P. Cowie.
250 ## - MENCION DE EDICION
Mención de edición 4th ed. [9th.imp.].
260 ## - PUBLICACIÓN, DISTRIBUCIÓN, ETC.
Lugar de publicación, distribución, etc. Oxford [etc.] :
Nombre del editor, distribuidor, etc. Oxford University Press,
Fecha de publicación, distribución, etc. 1993.
300 ## - DESCRIPCIÓN FÍSICA
Extensión XIX, 1579 p. ;
Dimensiones 22 cm.
650 14 - PUNTO DE ACCESO ADICIONAL DE MATERIA--TÉRMINO DE MATERIA
Término de materia o nombre geográfico como elemento de entrada Lengua inglesa-
Subdivisión de forma Diccionarios.
9 (RLIN) 14269
700 1# - ENTRADA AGREGADA--NOMBRE PERSONAL
Nombre de persona Cowie, A. P.
9 (RLIN) 41379
852 ## - LOCALIZACIÓN
Ubicación ES-MaACL
Número de control de estantería A-15228
Sublocalización o colección R.122672
itemnumber 10232
Ubicación en estantería Depósito 1
Signatura antigua Olim: DIC-L 111'374
-- Olim: Meseton
942 ## - ELEMENTOS DE ENTRADA SECUNDARIOS (KOHA)
Fuente del sistema de clasificación o colocación Clasificación decimal universal
Holdings
Estatus retirado Estado de pérdida Fuente del sistema de clasificación o colocación Estado de daño No para préstamo Biblioteca de origen Biblioteca actual Ubicación en estantería Fecha de adquisición Fuente de adquisición Total de préstamos Signatura topográfica completa Código de barras Visto por última vez Precio de reemplazo Tipo de ítem Koha
    Clasificación decimal universal     Biblioteca del Ateneo de Madrid Biblioteca del Ateneo de Madrid Depósito 1 17/01/2008 Compra   A-15228 1010157 23/02/2023 23/02/2023 Libro impreso